000 00658nam a2200217Ia 4500
003 GCL
008 140319s9999 xx 000 0 eng d
020 _a0415135974
040 _aGCL /
_cGCL
082 0 4 _a303.4833
_bB T
100 1 _aBROSNAN, MARK
245 1 0 _aTECHNOPHOBIA - THE PSYCHOLOGICAL IMPACT OF INFORMATION TECHNOLOGY /
_cBROSNAN, MARK
250 _aFIRST
260 _aنيويورك :
_bROUTLEDGE ،
_c1998
300 _a20 CM ؛
_c220 P
650 0 4 _aINFORMATION TECHNOLOGY
650 0 4 _aINFORMATION TECHNOLOGY - SOCIAL ASPECTS
650 0 4 _aTECHNOPHOBIA
650 0 4 _aINFORMATION TECHNOLOGY - PSYCHOLOGICAL ASPECTS
942 _2ddc
_cBK
999 _c6538
_d6538